Rimas de Don Juan de Jáuregui / (Record no. 156277)

MARC details
000 -LEADER
campo de control de longitud fija 01061nam a2200253 i 4500
001 - NÚMERO DE CONTROL
campo de control 156277
003 - IDENTIFICADOR DE NÚMERO DE CONTROL
campo de control ES-MaACL
005 - FECHA Y HORA DE LA ÚLTIMA TRANSACCIÓN
campo de control 20250918063039.0
008 - DATOS DE LONGITUD FIJA--INFORMACIÓN GENERAL
campo de control de longitud fija 971126s1819 sp |||| | spa d
100 1# - ENTRADA PRINCIPAL--NOMBRE DE PERSONA
Nombre de persona Jáuregui, Juan de,
Fechas asociadas al nombre 1583-1641
9 (RLIN) 66187
245 10 - MENCIÓN DEL TÍTULO
Título Rimas de Don Juan de Jáuregui /
Mención de responsabilidad, etc. por D. Ramón Fernández.
260 ## - PUBLICACIÓN, DISTRIBUCIÓN, ETC.
Lugar de publicación, distribución, etc. Madrid :
Nombre del editor, distribuidor, etc. en la Imprenta Real,
Fecha de publicación, distribución, etc. 1819.
300 ## - DESCRIPCIÓN FÍSICA
Extensión 272 p. ;
Dimensiones 17 cm.
505 8# - NOTA DE CONTENIDO CON FORMATO
Nota de contenido con formato Contiene: Aminta, fábula pastoral de Torcuato Tasso / traducida por Don Juan de Jáuregui (p. 185-267)
530 ## - NOTA DISPONIBLE DE FORMULARIO FÍSICO ADICIONAL
Nota de formato físico adicional disponible Disponible en formato digital.
594 ## - Nota al título y mención de responsabilidad
Nota al título y mención de responsabilidad Ramón Fernández es seudónimo de Pedro Estala.
597 ## - NOTA DE DESCRIPCIÓN FÍSICA
NOTA DE DESCRIPCIÓN FÍSICA Escudo real xilográfico en portada.
700 1# - ENTRADA AGREGADA--NOMBRE PERSONAL
Nombre de persona Estala, Pedro,
Fechas asociadas al nombre 1757-1815
9 (RLIN) 48003
700 1# - ENTRADA AGREGADA--NOMBRE PERSONAL
Nombre de persona Tasso, Torquato (
Fechas asociadas al nombre 1544-1595)
9 (RLIN) 109373
740 02 - ENTRADA AGREGADA--TÍTULO RELACIONADO/ANALÍTICO NO CONTROLADO
Título relacionado o analítico no controlado Aminta, fábula pastoral de Torcuato Tasso.
852 ## - LOCALIZACIÓN
Ubicación ES-MaACL
Número de control de estantería R-3104-12
Encuadernación Olim:G-13256-64
Nota libre - Enc. hol.
856 ## - LOCALIZACIÓN Y ACCESO ELECTRÓNICOS
Identificador Uniforme de Recursos <a href="http://bdh-rd.bne.es/viewer.vm?id=0000096458&page=1 ">http://bdh-rd.bne.es/viewer.vm?id=0000096458&page=1 </a>
Nota pública Biblioteca Digital Hispánica
Holdings
Estatus retirado Estado de pérdida Estado de daño No para préstamo Colección Biblioteca de origen Biblioteca actual Ubicación en estantería Fecha de adquisición Total de préstamos Signatura topográfica completa Código de barras Visto por última vez Precio de reemplazo Tipo de ítem Koha
        Colección digital Biblioteca del Ateneo de Madrid Biblioteca del Ateneo de Madrid Depósito 17/01/2008   R-3104-12 1163498 23/02/2023 23/02/2023 Libro impreso antiguo